Guía ilustrada de la historia moderna /
Uloženo v:
| Hlavní autor: | |
|---|---|
| Další autoři: | |
| Médium: | Elektronický zdroj E-kniha |
| Jazyk: | španělština angličtina |
| Vydáno: |
Ciudad de México :
Fondo de Cultura Económica,
2017.
|
| Vydání: | Primera edición electrónica. |
| Edice: | Sección de obras de historia.
|
| Témata: | |
| On-line přístup: | Digitalia Hispánica |
| Tagy: |
Přidat tag
Žádné tagy, Buďte první, kdo vytvoří štítek k tomuto záznamu!
|
MARC
| LEADER | 00000nam a2200000Ii 4500 | ||
|---|---|---|---|
| 001 | DIGFCE2385 | ||
| 003 | NyNyDIG | ||
| 006 | m o d | ||
| 007 | cr ||||||||||| | ||
| 008 | 240701s2017 mx ab ob 001 0 spa d | ||
| 035 | |a (OCoLC)1444058260 | ||
| 040 | |a DGITA |b eng |e rda |e pn |c DGITA | ||
| 020 | |a 9786071650467 |q (ePub) | ||
| 020 | |z 9786071605719 | ||
| 041 | 1 | |a spa |h eng | |
| 050 | 1 | 4 | |a D410 ebook |
| 100 | 1 | |a Lowe, Norman, |e author. | |
| 240 | 1 | 0 | |a Mastering modern world history. |l Spanish |s (Cuevas Mesa) |
| 245 | 1 | 0 | |a Guía ilustrada de la historia moderna / |c Norman Lowe ; traducción, Guillermina Del Carmen Cuevas Mesa. |
| 250 | |a Primera edición electrónica. | ||
| 264 | 1 | |a Ciudad de México : |b Fondo de Cultura Económica, |c 2017. | |
| 300 | |a 1 online resource : |b illustrations, maps. | ||
| 336 | |a text |b txt |2 rdacontent | ||
| 337 | |a computer |b c |2 rdamedia | ||
| 338 | |a online resource |b cr |2 rdacarrier | ||
| 347 | |a text file |2 rdaft | ||
| 347 | |b EPUB | ||
| 490 | 1 | |a Sección de obras de historia | |
| 504 | |a Includes bibliographical references and index. | ||
| 588 | 0 | |a Online resource; title from ePub title page (Digitalia, viewed July 1, 2024) | |
| 650 | 0 | |a History, Modern |y 20th century. | |
| 700 | 1 | |a Cuevas Mesa, Guillermina, |e translator. | |
| 700 | 1 | |i Translation of: |a Lowe, Norman. |t Mastering modern world history. | |
| 776 | 0 | 8 | |i Print version: |a Lowe, Norman. |s Mastering modern world history. Spanish (Cuevas Mesa). |t Guía ilustrada de la historia moderna. |b Tercera edición, de la cuarta en inglés. |d Ciudad de México : Fondo de Cultura Económica, 2010 |z 9786071605719 |
| 791 | 2 | |a Digitalia (Firm), |e distributor. | |
| 793 | 0 | |g Digitalia eBook Collection: |a Fondo de Cultura Económica | |
| 830 | 0 | |a Sección de obras de historia. | |
| 856 | 4 | 0 | |3 Digitalia Hispánica |u https://digitalia.unach.elogim.com/a/134886/ |
| 910 | |a Premium collection: 2024 | ||